MDQL
is popping MORE tags! Check the
thread
!
Quizzes
Events
Quiz Creation
Community
Videos
Private Events
Remove Ads
Sign In
Join for FREE
Feedback
Dark Mode
Quiz Categories
Sports
Geography
Music
Movies
Television
Just For Fun
Miscellaneous
History
Literature
Language
Science
Gaming
Entertainment
Religion
Holiday
For Kids
Quiz Lab
Recent
Popular Today
Quiz Kudos Today
Editor Picks
Curator Picks
Quizzes by...
Day
Popularity
Type
Ratings
Length
Year
Community
Subscriptions
Recent Discussions
Orange Saloon
Badges
Playlists
Quests
Create
Leaderboards
Showdown
Live 5
Trivia Bingo
Activity
Puzzle Library
Sporcle Events
Private Events
Virtual Trivia
Globe League
Become a Host
Pub Owners
SporcleCon
Opinionation
Our Games
Videos
Blog
Mobile Apps
Partnerships
Remove Ads and Go Orange
Feedback
Television
TV Characters
TV Show
Sitcom
Network
Friends
Reality Shows
Cast
South Park
Star Trek
The Simpsons
Doctor Who
Television
TV Characters
TV Show
Sitcom
Network
Friends
Reality Shows
Cast
South Park
Star Trek
The Simpsons
Doctor Who
Random Quiz
Search Sporcle
×
Quiz Lab
Quiz Lab
Television
griffin
Type in answers that appear in a list
Type in answers that appear in a list
Classic
Best Score? Go Orange.
Do you know peter griffin Stats
Can you name the do you know peter griffon?
By
waterkai
5m
20 Questions
82 Plays
82 Plays
82 Plays
Comments
Comments
Give Quiz Kudos
Give Quiz Kudos
-
- Ratings
hide this ad
Replay
Link that replays current quiz
Next Quiz
Link to next quiz in quiz playlist
You Got
0%
They Got
Avg Score
41%
Avg Friend Score
Upgrade to see
Score Distribution
Jump to the score distribution portion of the page
Score
0/20
Timer
05:00
0
Plays Today
family guy
% Correct
when he made his own religion who did he worship?
the fonz
87.8%
what is the name tv channel peter made?
ptv
78%
what instrument can peter play when drunk?
piano
73.2%
what country was he born in?
mexico
65.9%
what is peter's favourite rock group?
KISS
62.2%
what is peter's arch nemesis?
ernie
53.7%
what is peter's favourite song?
surfin' bird
46.3%
who has peter locked in a crate many times over the years?
james wood
42.7%
In petartded who did peter run over?
tom tucker
37.8%
how old is peter according to the annual 2011?
42
37.8%
family guy
% Correct
what did peter punch because it kissed loisnat sea world?
a whale
37.8%
what did peter want to build when he found out he wasn't part of the usa?
a pool
36.6%
in spies reminiscent of us who's bathroom does peter use?
cleveland's
32.9%
what instrument did peter play at college?
trombone
30.5%
what drink did peter nearly kill himself with?
red bull
28%
what is the name of peter's restaurant?
big pete's house of munch
26.8%
in 'and then there were fewer' who did peter knock out?
joe
25.6%
when the street got in an argument about a trophy what did peter steal from joe?
a ladder
17.1%
what is speacial about peter's driving licience?
he's drunk
8.5%
in which episode to peter have a vasectomny?
sibling rivalry
4.9%
Quiz Playlist
Details
Report
Send in Message
Add To Playlist
Classic:
Type in answers that appear in a list
Quiz Source
Last Updated: Feb 16, 2017
Quiz Scoreboard
CHALLENGE
Sign Up to Join the Scoreboard
Show All
Scores
Hide
Comments
May contain spoilers
Recently Published
5x2 Blitz: Bands
by SL_Kpop136
Music
30s
Colored Red Africa Blitz
by spor1
Geography
30s
Find the 'City' Movie
by crazypaving
Movies
60s
More to Explore
Quiz From the Vault
Featured Blog Post
14 Easter Pick-up Lines to Find Eggs With
hide this ad
You Might Also Like...
Tags
Family
griffin
Guy
Peter
Today's Top Quizzes in Television
Browse Television
hide this ad
Top Contributed Quizzes in Television
1
Survivor Journey Challenge
2
Adjectives in 80s TV Shows
3
Adjectives in 00s TV Shows
4
5-to-1: The Simpsons Families
5
Adjectives in 10s TV Shows
6
5-to-1: Television Doctors
7
7-to-1: TV Show Settings
8
Adjectives in 70s TV Shows
9
5-to-1: Streaming Originals
10
Survivor Seasons
Explore More
Trending Topics
Disney
NBA
Crossword
Anime
Harry Potter
Marvel
Kpop
WWE
Country
NFL
Soccer
Puzzle
Pokémon
Song
The Office
hide this ad
More By:
waterkai
Quiz
Plays
Rating
Category
Featured
Created
bakugan types
1,388
3.40
Gaming
Jul 16, 2010
diary of a wimpy kid characters
192
1.00
Just For Fun
Sep 3, 2010
4 lettered words
124
1.67
Just For Fun
Jul 22, 2010
gogo crazy bones
96
Just For Fun
Jul 20, 2010
do you know peter griffin
82
Television
Mar 14, 2011
Go to Creator's Profile
Score Distribution
Quiz Creator Spotlight
waterkai
Follow
Send a Message
Quizzes Created
-
Created Quiz Play Count
-
More By This Creator
Popular Quizzes Today
1
5x2 Blitz: Bands
2
Find the 'City' Movie
3
Find the US States - No Outlines Minefield
4
Colored Red Africa Blitz
5
The Countries of the World
6
Find the US States
7
Risky Map Clicking: Biggest States A-Z
8
9x9 Crossword: Cartoon Network
More Television Quizzes
Follow That Line: Breaking Bad
Published
Trending Quizzes
Colored Red Africa Blitz II
Colored Red Europe Blitz I
Find the 'Dark' Movie
Find the 'Day' Movie
Find the 'Good' Movie
Recently Updated
Champions League XIs: Real Madrid
pecheneg
Largest US Cities 1790-2010
pecheneg
Rides in Walt Disney World
pecheneg
Most Oscar Losses (Acting)
pecheneg
Beyoncé Albums
pecheneg
Leaping Animals
pecheneg
Reality TV Shows (A-Z)
bhenderson79
Rickey Henderson's Hall of Fame Teammates
pecheneg
Champions League XIs: Arsenal
pecheneg
Quick Pick: Celebrities in WWE's Hall of Fame
aduchscher
Trending Topics
Harry Potter
Anime
Marvel
Crossword
Kpop
NBA
Disney
Song
Soccer
The Office
NFL
Puzzle
Pokémon
Country
WWE
Your Account Isn't Verified!
In order to create a playlist on Sporcle, you need to verify the email address you used during registration. Go to your
Sporcle Settings
to finish the process.
Report this User
Report this user for behavior that violates our
Community Guidelines
.
Details:
Send Report
Go to the Sporcle.com Mobile Site →
Comments